Southville International School and Colleges
Your cart is empty.
  • Cart
  • Lists
    Public lists Eva Luna New books Lux_list list_1
    Your lists Log in to create your own lists
  • Log in to your account
  • Your cookies
  • Search history
Southville International School and Colleges
  • Advanced search
  • Recent comments
  • Most popular
  • Libraries

Log in to your account

Log in with GOOGLE


If you do not have an external account, but do have a local account, you can still log in:

  1. Home
  2. MARC view: With hearts aflame :
Normal view MARC view ISBD view

With hearts aflame : (Record no. 115734)

[ view plain ]
MARC details
000 -LEADER
fixed length control field 00503nam a2200181Ia 4500
003 - CONTROL NUMBER IDENTIFIER
control field PILC
005 - DATE AND TIME OF LATEST TRANSACTION
control field 20160105074111.0
008 - FIXED-LENGTH DATA ELEMENTS--GENERAL INFORMATION
fixed length control field 140429s9999 xx 000 0 und d
020 ## - INTERNATIONAL STANDARD BOOK NUMBER
International Standard Book Number 9712712915
050 ## - LIBRARY OF CONGRESS CALL NUMBER
Classification number PL 5542
Item number .Or65 2002
100 ## - MAIN ENTRY--PERSONAL NAME
Personal name Ordonez, Victor M.
245 ## - TITLE STATEMENT
Title With hearts aflame :
Remainder of title a historical novel /
Statement of responsibility, etc Victor M. Ordonez.
260 ## - PUBLICATION, DISTRIBUTION, ETC. (IMPRINT)
Place of publication, distribution, etc Manila :
Name of publisher, distributor, etc Anvil Pub.,
Date of publication, distribution, etc c2002.
300 ## - PHYSICAL DESCRIPTION
Extent 263 pages :
Dimensions 23 cm.
650 ## - SUBJECT ADDED ENTRY--TOPICAL TERM
Topical term or geographic name as entry element Historical fiction.
942 ## - ADDED ENTRY ELEMENTS (KOHA)
Call number prefix Local
Koha item type Books
Source of classification or shelving scheme Library of Congress Classification
Holdings
Withdrawn status Lost status Source of classification or shelving scheme Damaged status Home library Current library Shelving location Date acquired Source of acquisition Cost, normal purchase price Total Checkouts Full call number Barcode Date last seen Price effective from Koha item type Sub Shelving location
    Library of Congress Classification   College Library College Library Filipiniana Section 04/29/2014 Library Fund 195.00   PL 5542 .Or65 2006 C16834 04/20/2017 04/29/2014 Books  
    Library of Congress Classification   College Library College Library Filipiniana Section 01/05/2016 Donation     PL 5542 .Or65 2002 C20334 05/08/2018 01/05/2016 Books  

With hearts aflame :

APA

Ordonez V. M., . (2002). With hearts aflame. Manila: Anvil Pub.

Chicago

Ordonez Victor M, . 2002. With hearts aflame. Manila: Anvil Pub.

Harvard

Ordonez V. M., . (2002). With hearts aflame. Manila: Anvil Pub.

MLA

Ordonez Victor M, . With hearts aflame. Manila: Anvil Pub. 2002.

  • Place hold
  • Print
  • Cite
  • Add to your cart (remove)
  • Save record
    BIBTEX Dublin Core MARCXML MARC (non-Unicode/MARC-8) MARC (Unicode/UTF-8) MARC (Unicode/UTF-8, Standard) MODS (XML) RIS
  • More searches
    Search for this title in:
    Other Libraries (WorldCat) Other Databases (Google Scholar) Online Stores (Bookfinder.com) Open Library (openlibrary.org)

Exporting to Dublin Core...

SOUTHVILLE LIBRARY

Southville International School and Colleges Library

1281 Tropical Ave. Cor. Luxembourg St., BF Homes International, Las Pinas City

Tel. No. 8256374 / 252358 Loc. 117/146

Powered by Koha